000 00277nam a2200109Ia 4500
008 220204s9999 xx 000 0 und d
082 _aNR:63:631.533.3
_bYOO;3
100 _aYoon, P K
245 0 _aTechniques of crown budding
260 _aKuala Lumpur
_bRRIM
_c1973
942 _cBK
999 _c22461
_d22461